00369nam a22001337a 450000500170000000800410001704100130005808200130007110000130008424500350009726000500013230000280018265000250021020241101081558.0241101b |||||||| |||| 00| 0 eng d aEnglish  a349 LAW  lEnglish  aThe Law Reports: Appeal Cases  aLondon: bWilliam Clowes and Sons Ltd, c1877 bxx, 893 pages; c26 cm. aLegal practice bLaw